1825 1558 1195 1480 1089 1149 1091 1851 1632 1113 1002 1020 1766 1753 1509 1624 1201 1937 1475 1237 1236 1027 1794 1064 1809 1790 1965 1604 1984 1576 1451 1826 1383 1049 1178 1422 1674 1743 1327 1894 1984 1949 1493 1679 1909 1970 1455 1013 1557 1696 1350 1150 1567 1491 1700 1030 1068 1632 1531 1037 1565 1800 1802 1859 1876 1094 1671 1249 1137 1131 1125 1520 1141 1755 1462 1111 1800 1047 1724 1961 1460 1824 1298 1368 1813 1273 1662 1131 1945 1475 1678 1434 1498 1078 1388 1820 1093 1980 1717 BCNSPRNW ULIB Ver.6.0+V

เปลี่ยนเป็นภาษาไทย

Change to English
 แสดงรายละเอียดบรรณานุกรม
  กลับหน้าหลัก

Brief Record : Get Marc (ISO 2709) : E-mail record : QR code < ปิดหน้าต่าง
LEADER : 00000nam 2200000uu 4500
001    13399108865
003     ULIB
008    110315s2546||||th 000 0 tha d
060  4 W84.6^bน121ร 2546
110 1  กระทรวงสาธารณสุข.^bสถาบันพระบรมราชชนก, วิทยาลัยพยาบาลบรมราชชนี นครพนม
245 00 รายงานการประชุมเชิงปฏิบัติการเผยแพร่แนวคิดและประสบการณ์บริการปฐมภูมิ/^cวิทยาลัยพยาบาลบรมราชชนี นครพนม
260    นครพนม:^bวิทยาลัยพยาบาลบรมราชชนี นครพนม,^c2546
300    84 หน้า
650  7 บริการปฐมภูมิ
650  7 สาธารณสุขมูลฐาน
710 1  สถาบันพระบรมราชชนก^bวิทยาลัยพยาบาลบรมราชชนี นครพนม
945    ^p0^l0^i015749
995    ทศพร
999 ^a ใช้งานได้ทุกระบบ
รายการนี้ยังไม่มีแท็ก
คุณยังไม่ได้ล็อกอิน คุณสามารถมีกิจกรรมร่วมกับเว็บไซต์ได้ แต่ต้องล็อกอินก่อน ::
  ล็อกอิน

รายการสื่อสารสนเทศ

ลำดับที่ ประเภท เลขเรียก/บาร์โค้ด สถานที่ สถานะ
- ไม่พบข้อมูล -

รายการใกล้เคียง
    หัวเรื่อง [บริการปฐมภูมิ]
    หัวเรื่อง [สาธารณสุขมูลฐาน]

BibComment


ยังไม่เคยถูกคอมเมนท์

คอมเมนท์ทรัพยากรรายการนี้
  คอมเมนท์: รายงานการประชุมเช..


 Copyright 2026. Bcnsprnw @Library